000 00983nam a2200289Ia 4500
001 Z_2125
003 CHAP
008 220113s1995 xx 000 0 und d
010 _a165199
040 _cCHAP
090 _aTesis A 1040
100 _aArenas Cabrera, Arcángel Adán
_96952
245 _aEvaluación biológica y económica de restricciones cualitativas y cuantitativas de alimentación como control del síndrome ascítico en pollo de engorda /
_cpor Arcángel Adán Arenas Cabrera y Fernando Santiago Jiménez
260 _aChapingo, Méx. :
_bEl autor,
_c1995
300 _a83 h.
502 _aTesis (Ing. Agr. Esp. en Zootecnia) -- UACH. Departamento de Zootecnia
650 _aAves de corral
_xAlimentación
_98638
650 _aAves de corral
_xEngorda
_98647
650 _aHidropsía
_955281
700 _aSantiago Jiménez, Fernando
_9102350
901 _aTESIS A 1040
902 _aM
910 _a1995
942 _c2
942 _c2
999 _c165199
_d165199